Catálogo público

La historia de la sexualidad (Record no. 1542)

MARC details
000 -CABECERA
campo de control de longitud fija 01601cam a22003977a 4500
003 - IDENTIFICADOR DEL NÚMERO DE CONTROL
campo de control CHAP
005 - FECHA Y HORA DE LA ÚLTIMA TRANSACCIÓN
campo de control 20220329133036.0
008 - DATOS DE LONGITUD FIJA--INFORMACIÓN GENERAL
campo de control de longitud fija 971013s1989 r 00010 d
010 ## - NÚMERO DE CONTROL DE LA BIBLIOTECA DEL CONGRESO
Número de control de LC 1542
011 ## - ENLACE DEL NUMERO DE CONTROL DE LA BIBLIOTECA DEL CONGRESO [OBSOLETO]
Número de control de LC 2514
020 ## - NÚMERO INTERNACIONAL ESTÁNDAR DEL LIBRO
Número Internacional Estándar del Libro 9682301181
035 ## - NÚMERO DE CONTROL DEL SISTEMA
Número de control de sistema 1708
040 ## - FUENTE DE LA CATALOGACIÓN
Centro/agencia transcriptor CHAP
082 ## - NÚMERO DE LA CLASIFICACIÓN DECIMAL DEWEY
Número de clasificación 649.65
Número de documento/Ítem F6y 1976
100 00 - ENTRADA PRINCIPAL--NOMBRE DE PERSONA
Nombre de persona Foucault, Michel.
9 (RLIN) 42746
245 13 - MENCIÓN DE TÍTULO
Título La historia de la sexualidad
Mención de responsabilidad, etc. /por Michel Foucault
260 ## - PUBLICACIÓN, DISTRIBUCIÓN, ETC.
Lugar de publicación, distribución, etc. México, D. F. :
Nombre del editor, distribuidor, etc. Siglo XXI,
Fecha de publicación, distribución, etc. 1977.
300 ## - DESCRIPCIÓN FÍSICA
Extensión 3 v.
500 ## - NOTA GENERAL
Nota general Trad. de : Histoire de la sexualité I, 1976
505 ## - NOTA DE CONTENIDO CON FORMATO
Nota de contenido con formato Contenido: v.1 La voluntad de saber -- v.2 El uso de los placeres -- v.3 La inquietud de sí
590 ## - NOTA LOCAL (RLIN)
Nota local BATCH-UPD
Procedencia (VM) [OBSOLETO] 10
Condición del los carretes individuales (VM) [OBSOLETO] 20130110
-- UCH01
-- 1156
590 ## - NOTA LOCAL (RLIN)
Nota local BATCH-UPD
Procedencia (VM) [OBSOLETO] 10
Condición del los carretes individuales (VM) [OBSOLETO] 20130410
-- UCH01
-- 0739
590 ## - NOTA LOCAL (RLIN)
Nota local BATCH-UPD
Procedencia (VM) [OBSOLETO] 10
Condición del los carretes individuales (VM) [OBSOLETO] 20130914
-- UCH01
-- 1252
590 ## - NOTA LOCAL (RLIN)
Nota local CONVERSION
Procedencia (VM) [OBSOLETO] 10
Condición del los carretes individuales (VM) [OBSOLETO] 20130109
-- UCH01
-- 1302
650 04 - PUNTO DE ACCESO ADICIONAL DE MATERIA--TÉRMINO DE MATERIA
Término de materia o nombre geográfico como elemento de entrada Sexualidad humana.
9 (RLIN) 105427
650 14 - PUNTO DE ACCESO ADICIONAL DE MATERIA--TÉRMINO DE MATERIA
Término de materia o nombre geográfico como elemento de entrada Educación sexual.
9 (RLIN) 35598
650 14 - PUNTO DE ACCESO ADICIONAL DE MATERIA--TÉRMINO DE MATERIA
Término de materia o nombre geográfico como elemento de entrada Sexo
Subdivisión general Historia.
9 (RLIN) 105417
901 ## - ELEMENTOS DE DATOS A LOCAL LDA (RLIN)
a BK
942 ## - ELEMENTOS DE PUNTO DE ACCESO ADICIONAL (KOHA)
Tipo de ítem Koha Libro
949 ## - PROCESAMIENTO DE INFORMACIÓN LOCAL (OCLC)
a 649.65 F6y 1976
b BC
c LIBRO
d 33724000263638
e LIBRO
f v.2
h 78666
i 1708
s i
t 11.20
949 ## - PROCESAMIENTO DE INFORMACIÓN LOCAL (OCLC)
a 649.65 F6y 1976
b BC
c LIBRO
d 33724000263646
e LIBRO
f v.3
h 78667
i 1708
s i
t 8.20
949 ## - PROCESAMIENTO DE INFORMACIÓN LOCAL (OCLC)
a 649.65 F6y 1976
b BC
c LIBRO
d 33724000263752
e LIBRO
f v.1
h 78664
i 1708
s i
t 8.20
949 ## - PROCESAMIENTO DE INFORMACIÓN LOCAL (OCLC)
a 649.65 F6y 1976
b BC
c LIBRO
d 33724000263760
e LIBRO
f v.1 c.2
h 78665
i 1708
s i
t 8.20
949 ## - PROCESAMIENTO DE INFORMACIÓN LOCAL (OCLC)
a 649.65 F6y 1976
b BC
c LIBRO
d 33724000848354
e LIBRO
f v.1 c.4
g I.c/e
h 102352
i 1708
s i
949 ## - PROCESAMIENTO DE INFORMACIÓN LOCAL (OCLC)
a 649.65 F6y 1976
b BC
c LIBRO
d 33724000850343
e LIBRO
f v.1 c.3
g I.c.e
h 102340
i 1708
s i
Holdings
Estado de retiro Estado de pérdida Fuente del sistema de clasificación o colocación Estado dañado Restricciones de uso No para préstamo Código de colección Localización permanente Ubicación/localización actual Ubicación en estantería Fecha de adquisición Fuente de adquisición Información codificada de la localización en otra ubicación Total de préstamos Signatura topográfica completa Código de barras Fecha visto por última vez Número de copia Precio válido a partir de Tipo de ítem Koha
    Dewey Decimal Classification   Préstamo 15 días   General Biblioteca Central Biblioteca Central Planta principal - Colección General 31/12/2019 I.c.e LIBRO   649.65 F6y 1976 33724000263638 31/12/2019 v.2 31/12/2019 Libro
    Dewey Decimal Classification   Préstamo 15 días   General Biblioteca Central Biblioteca Central Planta principal - Colección General 31/12/2019 I.c/e LIBRO   649.65 F6y 1976 33724000263646 31/12/2019 v.3 31/12/2019 Libro
    Dewey Decimal Classification   Préstamo 15 días   General Biblioteca Central Biblioteca Central Planta principal - Colección General 31/12/2019   LIBRO   649.65 F6y 1976 33724000263752 31/12/2019 v.1 31/12/2019 Libro
    Dewey Decimal Classification   Préstamo 15 días   General Biblioteca Central Biblioteca Central Planta principal - Colección General 31/12/2019   LIBRO   649.65 F6y 1976 33724000263760 31/12/2019 v.1 c.2 31/12/2019 Libro
    Dewey Decimal Classification   Préstamo 15 días   General Biblioteca Central Biblioteca Central Planta principal - Colección General 31/12/2019   LIBRO   649.65 F6y 1976 33724000850343 31/12/2019 v.1 c.3 31/12/2019 Libro
    Dewey Decimal Classification   Préstamo 15 días   General Biblioteca Central Biblioteca Central Planta principal - Colección General 31/12/2019   LIBRO   649.65 F6y 1976 33724000848354 31/12/2019 v.1 c.4 31/12/2019 Libro